LIBRARY & INFORMATION CENTRE, KCAET, TAVANUR

ONLINE PUBLIC ACCESS CATALOGUE (OPAC)

Mathematics for the engineering course / (Record no. 9840)

MARC details
000 -LEADER
fixed length control field 00473cam a2200193ua 4500
041 ## - LANGUAGE CODE
Language code of text/sound track or separate title eng
082 ## - DEWEY DECIMAL CLASSIFICATION NUMBER
Classification number 519.02462
Item number NAR/MA
100 ## - MAIN ENTRY--AUTHOR NAME
Personal name Narayanan, S .
245 ## - TITLE STATEMENT
Title Mathematics for the engineering course /
250 ## - EDITION STATEMENT
Edition statement 1 /
260 ## - PUBLICATION, DISTRIBUTION, ETC. (IMPRINT)
Place of publication Madras :
Name of publisher Central Art press ,
Year of publication 1962.
300 ## - PHYSICAL DESCRIPTION
Number of Pages 267 ; .
942 ## - ADDED ENTRY ELEMENTS (KOHA)
Koha item type Books
Holdings
Withdrawn status Lost status Damaged status Home library Current library Date acquired Cost, normal purchase price Full call number Accession Number Koha item type
Withdrawn     KAUAET KAUAET 07/04/2012 9.00 519.02462 NAR/MA 7457 Books
Withdrawn     KAUAET KAUAET 07/04/2012 5.00 519.02462 NAR/MA 7455 Books
free website counter